The new covenant unveiled / (Record no. 1618)

MARC details
000 -LEADER
fixed length control field 01569cam a2200301 a 4500
001 - CONTROL NUMBER
control field 12112559
003 - CONTROL NUMBER IDENTIFIER
control field OSt
005 - DATE AND TIME OF LATEST TRANSACTION
control field 20180918161032.0
008 - FIXED-LENGTH DATA ELEMENTS--GENERAL INFORMATION
fixed length control field 000719s2000 txu 000 0 eng d
010 ## - LIBRARY OF CONGRESS CONTROL NUMBER
LC control number 00697891
020 ## - INTERNATIONAL STANDARD BOOK NUMBER
International Standard Book Number 0966317238
035 ## - SYSTEM CONTROL NUMBER
System control number (OCoLC)ocm44035009
040 ## - CATALOGING SOURCE
Original cataloging agency ORX
Transcribing agency ORX
Modifying agency DLC
042 ## - AUTHENTICATION CODE
Authentication code lccopycat
050 00 - LIBRARY OF CONGRESS CALL NUMBER
Classification number BT155
Item number .W58 2000
082 00 - DEWEY DECIMAL CLASSIFICATION NUMBER
Classification number 231.76
Edition number 21
Item number W681N
100 1# - MAIN ENTRY--PERSONAL NAME
Personal name Wilkerson, David,
Dates associated with a name 1931-2011.
245 14 - TITLE STATEMENT
Title The new covenant unveiled /
Statement of responsibility, etc. David Wilkerson.
260 ## - PUBLICATION, DISTRIBUTION, ETC.
Place of publication, distribution, etc. Lindale, Tex. :
Name of publisher, distributor, etc. Wilkerson Trust Publications,
Date of publication, distribution, etc. c2000.
300 ## - PHYSICAL DESCRIPTION
Extent 143 p. ;
Dimensions 21 cm.
505 8# - FORMATTED CONTENTS NOTE
Formatted contents note Machine generated contents note: Introduction 5 -- 1. Understanding the New Covenant 9 -- 2. Freedom from the Dominion of Sin22 -- 3. The Cross and the New Covenant33 -- 4. Entering the New Covenant by Way of Death 47 -- 5. The New Covenant and the Indwelling -- Power of the Holy Spirit55 -- 6. The New Covenant and the Fear of God69 -- 7. The Delivering Power of the New Covenant79 -- 8. Christ, Our High Priest of the New Covenant90 -- 9. The New Covenant Destroys Satanic Stongholds 103 -- 10. The New Covenant and the Secret of the Lord119 -- 11. The New Covenant and the Preventing -- Love of the Lord131.
650 #0 - SUBJECT ADDED ENTRY--TOPICAL TERM
Topical term or geographic name entry element Covenants
General subdivision Religious aspects
-- Christianity
Form subdivision Sermons.
650 #0 - SUBJECT ADDED ENTRY--TOPICAL TERM
Topical term or geographic name entry element Sermons, American.
856 41 - ELECTRONIC LOCATION AND ACCESS
Materials specified Table of contents
Uniform Resource Identifier <a href="http://www.loc.gov/catdir/toc/fy022/00697891.html">http://www.loc.gov/catdir/toc/fy022/00697891.html</a>
906 ## - LOCAL DATA ELEMENT F, LDF (RLIN)
a 7
b cbc
c copycat
d 3
e ncip
f 20
g y-gencatlg
942 ## - ADDED ENTRY ELEMENTS (KOHA)
Source of classification or shelving scheme Dewey Decimal Classification
Koha item type Books
Holdings
Withdrawn status Lost status Source of classification or shelving scheme Damaged status Not for loan Collection code Home library Current library Shelving location Date acquired Total Checkouts Full call number Barcode Date last seen Price effective from Koha item type
    Dewey Decimal Classification     Non-fiction Harvest Mission College Harvest Mission College General Stacks 18.09.2018   231.76 W681N 002325 18.09.2018 18.09.2018 Books

OPAC Designed and Maintained by HMC Library Team.
Copyright © HMC Library,Greater Noida, UP.
For any Suggestions/Query Contact library via Email:libhmc@gmail.com